000
00255nam a2200097Ia 4500
001
688074
005
20250826161608.0
008
250824s9999 xx 000 0 und d
245
0
_a
KÜLLER ALTINDA YAKIN TARİH
_c
MUSTAFA ARMAĞAN
260
_b
TİMAŞ YAYINLARI
999
_c
688074
_d
688074